| Tag |
First Indicator |
Second Indicator |
Subfields |
| LEADER |
00000cam a2200000 4500 |
| 001 |
in00000046752 |
| 005 |
20151007075402.0 |
| 008 |
781110s1953 stka b 00100 eng |
| 010 |
|
|
|a 53029711
|
| 035 |
|
|
|a (OCoLC)04362562
|
| 035 |
|
|
|9 AAF3120AM
|
| 040 |
|
|
|a DLC
|c KKU
|d TXA
|d UtOrBLW
|
| 049 |
|
|
|a TXAM
|c [263568]
|
| 050 |
0 |
0 |
|a QL690.G7
|b O3
|
| 082 |
0 |
|
|a 598.2942
|
| 092 |
|
|
|a 598.2942
|b O11b
|
| 100 |
1 |
|
|a Oakes, Clifford.
|
| 245 |
1 |
4 |
|a The birds of Lancashire.
|
| 264 |
|
1 |
|a Edinburgh :
|b Oliver and Boyd,
|c [1953]
|
| 300 |
|
|
|a 377 pages :
|b illustrations ;
|c 23 cm.
|
| 336 |
|
|
|a text
|b txt
|2 rdacontent
|
| 337 |
|
|
|a unmediated
|b n
|2 rdamedia
|
| 338 |
|
|
|a volume
|b nc
|2 rdacarrier
|
| 504 |
|
|
|a Includes bibliography.
|
| 650 |
|
0 |
|a Birds
|z England
|z Lancashire.
|
| 999 |
|
|
|a MARS
|
| 999 |
f |
f |
|s d0ad521d-903b-3c57-976d-a0a2964bd500
|i 9374438e-1c4d-3ebb-8e55-5c0ec6d99f56
|t 0
|
| 952 |
f |
f |
|p ric
|a Texas A&M University
|b Rellis Campus
|c Joint Library Facility
|d Remote Storage
|t 0
|e QL690.G7 O3
|h Library of Congress classification
|i unmediated -- volume
|m A14801023066
|
| 998 |
f |
f |
|a QL690.G7 O3
|t 0
|l Remote Storage
|